00643nam a2200217 a 450000100060000000300090000600800410001502000150005604000280007108200090009910000310010824500220013926000510016130000100021259000490022265000410027165000440031265000400035694200120039699900170040818206CO-ViMGA141112s2004 ck r 000 u spa d a9681646193 aCO-ViMGAbspacCO-ViMGA04aALLh1 aAllsburg, Chris Van92591710aEl higo mas dulce aMexico, cFondo de cultura económica, c2000 a16.p. aForma de adquisición : Premio - Mincultura14aAVARICIA - CUENTOS INFANTILES92591814aCUENTOS INFANTILES ESTADOUNIDENSES982314aEGOISMO - CUENTOS INFANTILES925919 2ddccBK c27566d27566